La población pehuenche de la cordillera chilena en tiempos de la dominación española /

Una población pehuenche hondamente aculturada y, en cierta medida, vitalizada por el aporte biológico de la etnia más pujante de los llanos, la araucana, mantenía, al declinar el orden colonial, su viejo arraigo al espacio andino. A diferencia de puelches y chiquillanes que tienden a desdibujarse o...

Full description

Bibliographic Details
Main Author: TÈllez Lúgaro, Eduardo
Format: Analitica de revista
Language:Spanish
Published: Santiago, Chile Universidad de Chile 1987
Subjects:

MARC

LEADER 00000cab a2200000 a 4500
001 029479
003 UAHC_CL
005 20170803123105.0
008 010822s1987 cl 000 spa
040 |a UAHC_CL  |c UAHC_CL  |d UAHC_CL 
100 1 |a TÈllez Lúgaro, Eduardo 
245 1 3 |a La población pehuenche de la cordillera chilena en tiempos de la dominación española /  |c Eduardo TÈllez Lúgaro. 
260 |b Universidad de Chile  |c 1987  |a Santiago, Chile 
300 |a pp. 195-207 
520 |a Una población pehuenche hondamente aculturada y, en cierta medida, vitalizada por el aporte biológico de la etnia más pujante de los llanos, la araucana, mantenía, al declinar el orden colonial, su viejo arraigo al espacio andino. A diferencia de puelches y chiquillanes que tienden a desdibujarse o a disolverse étnicamente, los pehuelches de la primera centuria replublicana lograron persistir, pero al precio de tolerar nuevas modificaciones de su textura cultural y de las formas sociales tradicionales. 
520 |a Una población pehuenche hondamente aculturada y, en cierta medida, vitalizada por el aporte biológico de la etnia más pujante de los llanos, la araucana, mantenía, al declinar el orden colonial, su viejo arraigo al espacio andino. A diferencia de puelches y chiquillanes que tienden a desdibujarse o a disolverse étnicamente, los pehuelches de la primera centuria replublicana lograron persistir, pero al precio de tolerar nuevas modificaciones de su textura cultural y de las formas sociales tradicionales. 
650 4 |a PEHUENCHES 
650 4 |a INDIGENAS  |x HISTORIA 
653 |a PEDAGOGIA EN HISTORIA Y CIENCIAS SOCIALES 
653 |a LICENCIATURA EN HISTORIA 
759 |a PP048 
773 0 |t Cuadernos de historia.  |w 029418 
900 |a CUAD. HIST.-07/87 
942 |c REVA 
952 |0 0  |1 0  |4 0  |6 CUAD___HIST_07_87_000000000000000  |7 0  |8 General  |9 58067  |a BC  |b BC  |c General  |d 2017-08-03  |l 0  |o CUAD. HIST.-07/87  |p FICTICIO1898  |r 2019-01-08 00:00:00  |t 1  |w 2017-08-03  |y REVA 
999 |c 29479  |d 29479